LEADER 01108nam0-2200361---450- 001 990009532130403321 005 20130322091621.0 010 $a88-464-7742-1 035 $a000953213 035 $aFED01000953213 035 $a(Aleph)000953213FED01 035 $a000953213 100 $a20120222d2007----km-y0itay50------ba 101 0 $aita 102 $aIT 105 $aa---a---001yy 200 1 $aArchitettura e vivibilità$emodelli di verifica, principi di biocompatibilità, esempi di opere per il rispetto ambientale$fDora Francese 210 $aMilano$cFranco Angeli$d2007 215 $a247 p.$cill.$d23 cm 225 1 $aEdilizia/Strumenti$v10 300 $aIn appendice: La matrice per l'uso del modello VAdE 610 0 $aProgettazione architettonica e ambiente 676 $a720.47 700 1$aFrancese,$bDora$010992 801 0$aIT$bUNINA$gRICA$2UNIMARC 901 $aBK 912 $a990009532130403321 952 $a230089$bXXX$fDCATA 952 $aURB.LE B 2741$bs.i.$fFARBC 959 $aDCATA 959 $aFARBC 996 $aArchitettura e vivibilità$9855520 997 $aUNINA LEADER 01043nam a2200265 i 4500 001 991001995549707536 008 061201s1998 ne a b 001 0 eng d 020 $a041279800X 035 $ab13459867-39ule_inst 040 $aDi.S.Te.B.A.$beng 082 $a576.8$222 082 $a579.4$222 245 00$aEvolutionary relationships among protozoa /$cedited by G. H. Coombs ... [et al.] 260 3 $aDordrecht ;$aBoston :$bKluwer Academic Publishers,$cc1998 300 $axix, 464 p. :$bill. ;$c24 cm 440 4$aThe Systematics Association special volume ;$v56 504 $aIncludes bibliographical references and index 650 0$aProtozoa$xEvolution 700 1 $aCoombs, Graham H.,$d1947- 907 $a.b13459867$b09-03-22$c01-12-06 912 $a991001995549707536 945 $aLE003 576.8 COO01.01 (1998)$g1$i2003000020922$lle003$op$pE0.00$q-$rl$s- $t0$u0$v0$w0$x0$y.i14329487$z01-12-06 996 $aEvolutionary relationships among protozoa$91099278 997 $aUNISALENTO 998 $ale003$b01-12-06$cm$da $e-$feng$gne $h0$i0